2025 MLB Opening Day Starting Pitchers Picture Quiz - Statistics

General Stats
  • This quiz has been taken 133 times
  • The average score is 22 of 30
Answer Stats
Picture Hint Answer % Correct
Atlanta Braves Chris Sale
92%
Pittsburgh Pirates Paul Skenes
92%
Philadelphia Phillies Zack Wheeler
90%
Detroit Tigers Tarik Skubal
88%
Arizona Diamondbacks Zac Gallen
86%
Athletics Luis Severino
85%
Chicago Cubs Shota Imanaga
85%
Boston Red Sox Garrett Crochet
83%
Cincinnati Reds Hunter Greene
83%
Miami Marlins Sandy Alcantara
81%
Los Angeles Dodgers Yoshinobu Yamamoto
81%
St. Louis Cardinals Sonny Gray
80%
San Francisco Giants Logan Webb
79%
Seattle Mariners Logan Gilbert
78%
Houston Astros Framber Valdez
76%
Minnesota Twins Pablo López
74%
Los Angeles Angels Yusei Kikuchi
73%
New York Yankees Carlos Rodón
70%
Texas Rangers Nathan Eovaldi
70%
Toronto Blue Jays José Berríos
69%
Baltimore Orioles Zach Eflin
69%
San Diego Padres Michael King
68%
New York Mets Clay Holmes
67%
Kansas City Royals Cole Ragans
66%
Washington Nationals MacKenzie Gore
66%
Milwaukee Brewers Freddy Peralta
62%
Colorado Rockies Kyle Freeland
61%
Tampa Bay Rays Ryan Pepiot
44%
Cleveland Guardians Ben Lively
38%
Chicago White Sox Sean Burke
29%
No matching quizzes found
Score Distribution
Percent of People with Each Score
Percentile by Number Answered
Your Score History
You have not taken this quiz